Score 0/22 Timer 03:00
0 Plays Today
Movie 1 Overlapping Word % Correct
Fantastic...Four
98.7%
It's a Wonderful...Life
98.1%
The Nightmare Before...Christmas
97.6%
The Sixth...Sense
97.3%
Jurassic...World
97.1%
Jeff, Who Lives at...Home
97.1%
The Rum...Diary
95.7%
Shaun of the...Dead
95.1%
Guardians of the...Galaxy
94.9%
Million Dollar...Baby
94.5%
Ride...Along
93.6%
Movie 1 Overlapping Word % Correct
The Dark...Knight
93.2%
Gone...Girl
90.6%
Zero Dark...Thirty
89.6%
The Imitation...Game
85.2%
Real...Steel
84.4%
Edge of...Tomorrow
83.3%
Kingdom of...Heaven
80%
The Blind...Side
79.6%
Strange...Magic
72.7%
While We're...Young
63.9%
Testament of...Youth
33.3%

You're not logged in!

Compare scores with friends on all Sporcle quizzes.
OR
Log In

Sporcle TV

Today on Sporcle TV


Watch our educational content, quiz creation guides, and fun videos on Sporcle TV.

Show Comments

Extras

Top Quizzes Today


Score Distribution

Paid Content

Your Account Isn't Verified!

In order to create a playlist on Sporcle, you need to verify the email address you used during registration. Go to your Sporcle Settings to finish the process.

Report this User

Report this user for behavior that violates our Community Guidelines.

Details: